000 00570nam a22001457a 4500
082 _a894.812.3
_bIND/M
100 _aINDUGOPAN, G
245 _aMUTHALALAYANI
246 _aMUTHALALAYANI
_bMUTHALALAYANI
260 _aKOZHIKODU, KERALA, INDIA
_bMATHRUBHUMI
300 _a278
520 _aA rare combination of two books in a single volume: Autobiography of a crocodile hunter and a novel on a village that is haunted by crocodiles. Cheenkanni Vettakkarante Athmakatha and Muthalalayani are written by G R Indugopan. Reviews
650 _aMALAYALAM NOVEL
942 _cBK
999 _c8658
_d8658